000 00752cam a2200241 a 4500
003 EG-GiCUC
008 720922s1963 mdubc b 000 0 eng
040 _aDLC
_c DLC
_d DLC
050 0 0 _aDT236
_b.K5
092 0 4 _a961.204
_bK451
_221
099 _a04
_a961.204 K451
100 1 _aKhadduri, Majid,
_d1908-
245 1 0 _aModern Libya:
_ba study in political development.
260 _aBaltimore,
_bJohns Hopkins Press,
_c1963.
300 _avii, 404 p.
_bports., map (on lining papers)
_c23 cm.
504 _aBibliographical footnotes.
651 0 _aLibya
_xPolitics and government.
902 _a1
905 _aIbrahim
_eRev
905 _aRasha
_eCat
942 _2ddc
_cBK
999 _c107659
_d107659